000 01685cam a2200169 4500500
005 20260329010505.0
041 _afre
042 _adc
100 1 0 _aLacour, Claude
_eauthor
245 0 0 _aLectures bibliographiques
260 _c2005.
500 _a56
520 _aRésuméEn France, les effectifs de l’enseignement supérieur n’évoluent pas de façon homogène selon les régions. Aussi l’objectif de ce travail est-il double. Il tente, d’une part, de rechercher les déterminants de la demande d’enseignement supérieur dans les régions françaises. Il propose, d’autre part, des indicateurs d’attractivité des régions pour les étudiants. D’après nos résultats, les trois régions les plus attractives pour les étudiants durant la période 1997-2002 sont : Île-de-France, Midi-Pyrénées et Rhône-Alpes.
520 _aThe demand for higher education and the attractiveness of french regions for students (1990-2002)In France, the enrollments in higher education are not distributed similarly in the regions. The aim of this paper is double. On the one hand, it tries to study the determinants of the demand for higher education in the French regions. On the other hand, it proposes indicators of attractiveness of the regions for the students. The empirical findings show that the most attractive regions during 1997-2002 are : Île-de-France, Midi-Pyrénées and Rhône-Alpes.Classification JEL : 1121, RO.
786 0 _nRevue d’Économie Régionale & Urbaine | février | 1 | 2005-02-01 | p. 137-158 | 0180-7307
856 4 1 _uhttps://shs.cairn.info/revue-d-economie-regionale-et-urbaine-2005-1-page-137?lang=fr&redirect-ssocas=7080
999 _c1852985
_d1852985